| 000 | 00601cam a2200181 4500500 | ||
|---|---|---|---|
| 005 | 20260405003959.0 | ||
| 041 | _afre | ||
| 042 | _adc | ||
| 100 | 1 | 0 |
_aNicolas, Ariane _eauthor |
| 245 | 0 | 0 | _a“Cabarets” : du “Chat noir” aux soirées Bas Nylon, saisir l’esprit (canaille) des lieux |
| 260 | _c2025. | ||
| 500 | _a53 | ||
| 690 | _aBar | ||
| 690 | _aDanse | ||
| 690 | _aSpectacle | ||
| 786 | 0 | _nPhilosophie magazine | 195 | 13 | 2025-12-01 | p. 139-140 | 1951-1787 | |
| 856 | 4 | 1 | _uhttps://shs.cairn.info/magazine-philosophie-magazine-2025-13-page-139?lang=fr&redirect-ssocas=7080 |
| 999 |
_c2072622 _d2072622 |
||